| 000 | 00382nam a2200157Ia 4500 | ||
|---|---|---|---|
| 008 | 221030s9999 xx 000 0 und d | ||
| 020 | _a9789352165537 | ||
| 041 | _aEnglish | ||
| 100 | _aS. Ramamrutham | ||
| 245 | 0 |
_aTheory of Structures _cby S. Ramamrutham |
|
| 250 | _a10th | ||
| 260 |
_bDhanpat Rai Pub. _aNew Delhi _c2018 |
||
| 300 | _a1312 | ||
| 650 | _aCivil | ||
| 942 | _cBK | ||
| 999 |
_c18046 _d18046 |
||